000 00620nam a2200169Ia 4500
008 090201s9999 xx 000 0 und d
010 _aKPL-29605
040 _bमराठी
041 _aमराठी
082 _a32769
_b29605
100 _aमंदाकिनी अष्टीकर
245 _aरंग उधळता स्वप्न रेखीले
_cमंदाकिनी अष्टीकर
260 _c2004
_bप्रिया प्रकाशन
300 _a221
_bमोठा
600 _aरंग उधळता स्वप्न रेखीले
942 _cBOOK
999 _c231047
_d231047